000 00672nam a2200193Ia 4500
005 20250508155333.0
008 008 250505s9999 xx 000 0 eng d
037 _aTextual
040 _aFEDL
_beng
_cFEDL
041 _aeng
_2eng
084 _a370.196, IND
_qFEDL
245 0 _aDirectorate of secondary education : Report of the teachers' workshop for education in international understanding
245 0 _cGovernment of India. Ministry of Education
260 _aNew Delhi, India
_bThe Indian National Commission for Cooperation with UNESCO
300 _a15p.
650 _aEducation
942 _cTEXL
_h370.196, IND
999 _c1356154
_d1356154